1197 1376 1165 1457 1278 1141 1417 1959 1931 1342 1123 1395 1441 1176 1952 1852 1613 1434 1108 1670 1177 1078 1728 1853 1814 1383 1716 1358 1502 1295 1921 1602 1375 1312 1927 1871 1794 1699 1986 1179 1746 1737 1339 1618 1629 1294 1061 1084 1932 1921 1379 1964 1739 1694 1213 1525 1435 1420 1355 1616 1952 1535 1807 1449 1017 1598 1159 1569 1223 1624 1136 1395 1409 1346 1853 1750 1874 1817 1905 1419 1635 1318 1578 1693 1150 1237 1465 1859 1447 1638 1167 1104 1673 1722 1187 1499 1157 1617 1706 BCNSPRNW ULIB Ver.6.0+V

เปลี่ยนเป็นภาษาไทย

Change to English
 แสดงรายละเอียดบรรณานุกรม
  กลับหน้าหลัก

Brief Record : Get Marc (ISO 2709) : E-mail record : QR code < ปิดหน้าต่าง
LEADER : 00000nam 2200000uu 4500
001    13399124387
003     ULIB
008    020711s2558 th a 000 0 tha d
020    9786161124632
060    WY106^b492
100    อังค์ริสา พินิจจันทร์
245    การให้บริการสุขภาพที่บ้าน/^cอังค์ริสา พินิจจันทร์
250    พิมพ์ครั้งที่ 1
260    ชัยนาท :^bวิทยาลัยพยาบาลบรมราชชนนี ชัยนาท,^c2558
300    169 หน้า
650    ให้บริกาารสุขภาพ^xที่บ้าน
710    วิทยาลัยพยาบาลบรมราชชนนี ชัยนาท.^bภาควิชาการพยาบาลอนามัยชุมชน
945    ^p150^l0^i039476
รายการนี้ยังไม่มีแท็ก
คุณยังไม่ได้ล็อกอิน คุณสามารถมีกิจกรรมร่วมกับเว็บไซต์ได้ แต่ต้องล็อกอินก่อน ::
  ล็อกอิน

รายการสื่อสารสนเทศ

ลำดับที่ ประเภท เลขเรียก/บาร์โค้ด สถานที่ สถานะ
1. Book การพยาบาล
Book การพยาบาล
WY106 492 ฉ.1 
  Barcode: 039476
ห้องสมุดวิทยาเขตสวรรค์ประชารักษ์
►หนังสือทั่วไป
บนชั้น

BibComment


ยังไม่เคยถูกคอมเมนท์

คอมเมนท์ทรัพยากรรายการนี้
  คอมเมนท์: การให้บริการสุขภา..


 Copyright 2026. Bcnsprnw @Library